000 00962nam a2200253Ia 4500
003 OSt
005 20220923222206.0
006 a|||||r|||| 00| 0
007 ta
008 220922b |||||||| |||| 00| 0 hin d
024 _a203,711
037 _cTextual
040 _aARTS
_cARTS
_bhin
041 _2hin
_ahin
082 _aO157,3NMA,1, 152L7
100 _aमौर्य, बन्दुगुप्त; तिवारी, हंसकुमार, अनु.
_9166297
245 0 _aईस्ट बंकलैंड रोड
246 _aĪsṭa bankalaianḍa roḍa
260 _aकानपुर
_b आराधना प्रेस
_c1977
300 _a196पृ.
_ccm.
650 _aबंगाली साहित्य
_9156264
942 _hO157,3NMA,1, 152L7
_cTEXL
_2CC
999 _c354461
_d354461